00424nam a2200169Ia 4500003000400000005001700004008004100021040000700062041000800069082002300077100001700100245005500117260003700172365001200209650001400221650001900235OSt20230516105557.0210423s1990 xx 000 0 und d cAL aeng a338.954 223bSHEP aSHENOY (B R) aPL four hundred and eighty and indias food problem aJaipurbPopular Book Depotc1990 b60cINR aEconomics aIndian Economy